Analýza vývoja priemernej reálnej mzdy v SR a ČR
Vývoj a komparácia priemernej reálnej mzdy fyzických osôb v Slovenskej a Českej republike od roku 2004 podľa OKEČ.
Saved in:
| Main Author: | |
|---|---|
| Format: | Book Chapter |
| Language: | Slovak |
| Subjects: | |
| Tags: |
No Tags, Be the first to tag this record!
|
MARC
| LEADER | 00000naa$a2200000$$$4500 | ||
|---|---|---|---|
| 001 | 0053341 | ||
| 005 | 20220715093544.4 | ||
| 041 | 0 | |a slo | |
| 044 | |a SK | ||
| 245 | 1 | 0 | |a Analýza vývoja priemernej reálnej mzdy v SR a ČR |c Zuzana Poláková |
| 520 | |a Vývoj a komparácia priemernej reálnej mzdy fyzických osôb v Slovenskej a Českej republike od roku 2004 podľa OKEČ. | ||
| 610 | 2 | 0 | |a mzdy priemerné |
| 610 | 2 | 0 | |a porovnanie štatistické medzinárodné |
| 610 | 2 | 0 | |a Slovensko |
| 610 | 2 | 0 | |a Česko |
| 610 | 2 | 0 | |a OKEČ |
| 610 | 2 | 0 | |a vývoj mzdový |
| 610 | 2 | 0 | |a indukcia štatistická |
| 610 | 2 | 0 | |a analýza komparatívna |
| 100 | 1 | |a Poláková, Zuzana | |